Eddie Murphy Movies - Sudden Death - Statistics

General Stats
  • This quiz has been taken 520 times
  • The average score is 7 of 25
Answers on the Grid
Answers color-coded by a green-red scale on the quiz's grid according to % correct below.
Shrek Forever After
Beverly Hills Cop: Axel F
Another 48 Hrs.
Daddy Day Care
The Adventures of Pluto Nash
Candy Cane Lane
Meet Dave
A Thousand Words
Mr. Church
You People
Trading Places
Harlem Nights
Dreamgirls
The Golden Child
Boomerang
Vampire in Brooklyn
Holy Man
Bowfinger
Showtime
I Spy
The Haunted Mansion
Norbit
Imagine That
Tower Heist
Dolemite is My Name
Puss in Boots
Brewster's Millions
Dolittle
Ghostbusters
Little Shop of Horrors
She's Having a Baby
Scrooged
Caddyshack
Stripes
Dirty Rotten Scoundrels
Django Unchained
Driving Miss Daisy
Inglorious Basterds
The Hateful Eight
Jackie Brown
Once Upon a Time in Hollywood
Who Framed Roger Rabbit
 
Answer Stats
Answer % Correct
Beverly Hills Cop: Axel F
54%
Norbit
52%
Shrek Forever After
47%
Daddy Day Care
45%
Trading Places
43%
Another 48 Hrs.
36%
The Golden Child
36%
Boomerang
32%
Harlem Nights
32%
The Haunted Mansion
30%
Bowfinger
29%
Dreamgirls
29%
Vampire in Brooklyn
29%
Tower Heist
24%
The Adventures of Pluto Nash
23%
Dolemite is My Name
21%
Meet Dave
20%
Holy Man
18%
I Spy
16%
A Thousand Words
14%
Showtime
14%
You People
13%
Candy Cane Lane
10%
Imagine That
8%
Mr. Church
8%
No matching quizzes found
Score Distribution
Percent of People with Each Score
Percentile by Number Answered
Your Score History
You have not taken this quiz